Physilogische Briefe für Gebildete alter Stände

Salvato in:
Dettagli Bibliografici
Autore principale: Vogt, Carl (Autore)
Natura: Libro
Lingua:tedesco
Pubblicazione: Giessen Ricker 1854
Edizione:2a. ed
Soggetti:
Tags: Aggiungi Tag
Nessun Tag, puoi essere il primo ad aggiungerne!!

MARC

LEADER 00000nam a2200000 a 4500
001 UCZ8627
003 CL-VaPUC
008 960125e18540000GW |||||||||||||||||ger|d
082 0 4 |a 100  |b VOG  |2 21 
100 0 |a Vogt, Carl  |e author  |9 353986 
245 1 0 |a Physilogische Briefe für Gebildete alter Stände 
250 |a 2a. ed 
300 |a v 
942 |c BK 
945 |d 19960125 00:00:00  |a cmena 
260 |a Giessen  |b Ricker  |c 1854 
650 0 |a Filosofía   |9 223554 
650 0 |a Filosofía alemana   |9 265002 
650 7 |a FILOSOFOS ALEMANES  |2 CL-VaPUC  |9 353987 
650 0 |a Correspondencia  |9 258963 
583 |a last modification  |c 19960125 00:00:00  |k Rodrigo Vera 
999 |c 244485  |d 244483 
952 |0 0  |1 0  |4 0  |6 100_000000000000000_VOG_1854  |7 0  |8 P  |9 258555  |a BIBEDU  |b BIBEDU  |c BIBEDU_PB  |d 2019-11-19  |h v.1  |i 1621548  |o 100 VOG 1854  |p 1621548  |r 2024-01-25  |w 2019-11-19  |y BK  |k FIL 
952 |0 0  |1 0  |4 0  |6 100_000000000000000_VOG_1854  |7 0  |8 P  |9 258556  |a BIBEDU  |b BIBEDU  |c BIBEDU_PB  |d 2019-11-19  |h v.2  |i 1621599  |o 100 VOG 1854  |p 1621599  |r 2024-01-25  |w 2019-11-19  |y BK  |k FIL